|
|
|
|
| LEADER |
00000nam a22000007a 4500 |
| 005 |
20161109145954.0 |
| 007 |
cr|||| ||u| |
| 008 |
161109s2015 Ck |||||o|||| 001 0 Spa d |
| 020 |
|
|
|a 978-958-738-585-4
|
| 035 |
|
|
|a 14544
|
| 040 |
|
|
|a vLex
|
| 090 |
|
|
|c 6391
|d 6391
|
| 100 |
1 |
|
|4 Restrepo Medina, Manuel Alberto
|
| 245 |
1 |
|
|a Responsabilidad internacional y del Estado
|h [Recurso electrn̤ico] :
|b encrucijada entre sistemas para la proteccin̤ de los derechos humanos /
|c Manuel Alberto Restrepo Medina, Carlos Mauricio Lp̤ez Cr̀denas.
|
| 256 |
|
|
|a Servicio en ln̕ea
|
| 260 |
|
|
|a Colombia:
|b Editorial Universidad de Rosario,
|c 2015.
|
| 300 |
|
|
|a 1 Recurso electrn̤ico
|
| 506 |
1 |
|
|a Disponible en los productos indicados
|d vLex Global
|d vLex Global (Academic Edition, excluding Law Schools)
|d vLex Global (U.S. Academic Edition, Law Schools)
|d vLex Global (U.S. Academic Edition, excluding Law Schools)
|d vLex Global (Academic Edition, Law Schools)
|
| 650 |
0 |
4 |
|a Derechos humanos
|z Colombia
|
| 650 |
0 |
4 |
|a Derecho civil
|z Colombia
|
| 700 |
1 |
|
|a Lp̤ez Cr̀denas, Carlos Mauricio
|
| 700 |
1 |
|
|a Lp̤ez Martn̕, Ana Gemma
|
| 740 |
0 |
|
|a vLex libros (servicio en ln̕ea)
|
| 856 |
4 |
0 |
|u http://vlex.com/source/responsabilidad-internacional-y-del-estado-encrucijada-entre-sistemas-para-la-proteccion-de-los-derechos-humanos-14544
|z Acceso restringido
|
| 942 |
|
|
|c BOOK
|
| 999 |
0 |
|
|a Human rights
|
| 999 |
0 |
|
|a Civil law
|